Fun with Famous Names! Quiz Stats

Quiz not verified by Sporcle

Challenge
Share
Tweet
Embed
Score 0/25 Timer 07:00
0 Plays Today
Celebrity First Name Fun Name % Correct
'Jumanji' actor WilliamsRobin Banks
81.4%
'Laverne & Shirley' actress MarshallPenny Lane
76.9%
'Happy Gilmore' actor SandlerAdam Apple
75.6%
Hall of Fame QB MontanaJoe King
69.2%
James Bond actor BrosnanPierce Deere
69.2%
'Ace Ventura' actor CarreyJim Shue
67.3%
'Broadcast News' actress HunterHolly Wood
65.4%
'Super Freak' singer JamesRick Shaw
61.5%
'Chinatown' actor NicholsonJack Potts
56.4%
'Cheers' actress NeuwirthBebe Gunn
55.1%
'Private Benjamin' actor AssanteArmand Hammer
54.5%
'Blues Brothers' actor AykroydDan Singh
52.6%
'Tonight Show' host LenoJay Walker
52.6%
Celebrity First Name Fun Name % Correct
'Queen of Jazz' FitzgeraldElla Funt
49.4%
'The Good Earth' author S. BuckPearl Gates
48.1%
'Love Story' actress MacGrawAli Money
47.4%
'Rebel Without a Cause' actor MineoSal Ladd
44.2%
'SexyBack' singer TimberlakeJustin Case
40.4%
'Golden Girls' actress ArthurBea Weir
39.7%
First Lady TrumanBess Sellers
38.5%
'Harry & Tonto' actor CarneyArt Major
34.6%
'Fried Green Tomatoes' author FlaggFannie Hurt
32.1%
Magician HenningDoug Graves
30.1%
'The Piano' actress PaquinAnna Mull
21.8%
'Sweet Love' singer BakerAnita Mann
19.2%

You're not logged in!

Compare scores with friends on all Sporcle quizzes.
Sign Up with Email
OR
Log In

You Might Also Like...

Show Comments

Extras

Top Quizzes Today


Score Distribution

Your Account Isn't Verified!

In order to create a playlist on Sporcle, you need to verify the email address you used during registration. Go to your Sporcle Settings to finish the process.

Report this User

Report this user for behavior that violates our Community Guidelines.

Details: